Logo CIB grande

Nuevas tendencias en comunicación estratégica (Registro nro. 237454)

Detalles MARC
000 -LEADER
campo de control de longitud fija 00684nam a2200229Ia 4500
005 - FECHA Y HORA DE LA ÚLTIMA TRANSACCIÓN
campo de control 20250425162833.0
008 - DATOS DE LONGITUD FIJA--INFORMACIÓN GENERAL
campo de control de longitud fija 250425s9999 xx 000 0 und d
020 ## - NÚMERO INTERNACIONAL ESTÁNDAR DEL LIBRO
Número Internacional Estándar del Libro 9788417129
082 ## - NÚMERO DE LA CLASIFICACIÓN DECIMAL DEWEY
Número de clasificación 658.45
Iniciales del Autor PIN
010 ## - NÚMERO DE CONTROL DE LA BIBLIOTECA DEL CONGRESO
Número de control de LC 112286
100 ## - ENTRADA PRINCIPAL--NOMBRE DE PERSONA
Nombre de persona Pintado Blanco, Teresa
245 #0 - MENCIÓN DEL TÍTULO
Título Nuevas tendencias en comunicación estratégica
Mención de responsabilidad, etc. Teresa Pintado Blanco y Joaquín Sánchez Herrera
260 ## - PUBLICACIÓN, DISTRIBUCIÓN, ETC.
Lugar de publicación, distribución, etc. Madrid
Nombre del editor, distribuidor, etc. ESIC
Fecha de publicación, distribución, etc. 2017
300 ## - DESCRIPCIÓN FÍSICA
Extensión 468 páginas
Otras características físicas ilustraciones
Dimensiones 24 cm.
650 ## - PUNTO DE ACCESO ADICIONAL DE MATERIA--TÉRMINO DE MATERIA
Término de materia o nombre geográfico como elemento de entrada Big Data
650 ## - PUNTO DE ACCESO ADICIONAL DE MATERIA--TÉRMINO DE MATERIA
Término de materia o nombre geográfico como elemento de entrada Comunicación estratégica
650 ## - PUNTO DE ACCESO ADICIONAL DE MATERIA--TÉRMINO DE MATERIA
Término de materia o nombre geográfico como elemento de entrada Neuromarketing
650 ## - PUNTO DE ACCESO ADICIONAL DE MATERIA--TÉRMINO DE MATERIA
Término de materia o nombre geográfico como elemento de entrada Publicidad Online
700 ## - ENTRADA AGREGADA--NOMBRE PERSONAL
Nombre de persona Sánchez Herrera, Joaquín
902 ## - ELEMENTOS DE DATOS B LOCAL, LDB (RLIN)
a Libro
c Impreso
942 ## - ELEMENTOS DE ENTRADA SECUNDARIOS (KOHA)
Tipo de ítem Koha Libros
Existencias
Estatus retirado Estado de pérdida Estado de daño No para préstamo Biblioteca de origen Biblioteca actual Fecha de adquisición Coste, precio normal de compra Etiqueta RFID Total de préstamos Código de barras Copia número Tipo de ítem Koha Nota pública
        CENTRO DE INFORMACIÓN BIBLIOTECARIA CENTRO DE INFORMACIÓN BIBLIOTECARIA 18/10/2022 0.01 0000000000000000035837   80677 1 Libros Compra / CLADELI

Copyright 2025 ESPOL. Todos los derechos reservados.